000 00729nam a22002417a 4500
999 _c3050
_d3050
003 OSt
005 20230927105408.0
008 230927b ||||| |||| 00| 0 eng d
020 _a9789670624242
040 _cKH8
082 _a400 LIE
100 _aK. F. Liew,
_eauthor.
245 _aMutual act of kindness = Buat Baik Dibalas Baik /
_cK. F. Liew.
260 _aKuala Lumpur:
_bPustaka Kalam Bestari,
_c2015.
300 _a24 pages :
_bcolour illustrations;
_c26 cm.
440 _aPractice Etiquette Series
650 _aEnglish fiction
650 _aChildren's stories
_vEnglish
650 _aDidactic fiction
_vMalay
650 _aDidactic fiction
_vEnglish
830 _aPractice Etiquette Series
942 _2ddc
_cTR